000 00277nam a2200121Ia 4500
008 190216s9999||||xx |||||||||||||| ||und||
100 _aKris A Jamsa
245 0 _aProgramming In C
260 _bGalgotia Publication Pvt Ltf
300 _a270
650 _aComputer
942 _cBK
999 _c8404
_d8404